000 01058nam a2200193Ia 4500
999 _c50342
_d50342
001 17283
003 GE_BSU
005 20200210171113.0
008 181216s xx |||||||||||||| ||geo||
040 _cGE_BSU
041 _ageo
080 _a27-5 უ-52
100 _aუორენი, რიკ.
_96967
245 _aმიზანდასახული ცხოვრება :
_bრისთვის ვარ მე აქ? /
_cრიკ უორენი
300 _a435 გვ .:
_c21 სმ.
653 _aმიზანდასახული ცხოვრება არის სახელმძღვანელო xxi საუკუნის ქრისტიანებისათვის.აქ თქვენ იხილავთ იმედს და ქმედებისკენ მიწოდებას,რის გამოც კვლავ და კვლავ მოგინდებათ მისი გადაკითხვა.
653 _aრელიგია.
942 _cBK
_2udc